000 00345nam a2200157Ia 4500
003 Ost
005 20260225132557.0
008 260225s9999||||xx |||||||||||||| ||und||
040 _cfsic
041 _afre
082 _a302.23
100 _aJean A.Gili
_eAuteur
245 0 _aLa Comidie italienne /
245 0 _cJean A.Gili
942 _cكتاب
999 _c34501
_d34501